000 00343nam a2200145Ia 4500
003 OSt
008 191201s2012 xx 000 0 und d
082 _a621.382 VEW
100 _aVERMA, Brijesh
245 0 _aWireless Communication Systems
260 _aN. Delhi
_bSK kataria
_c2012
300 _a458
650 _aB.Tech(ECE)
942 _2ddc
_cBK
999 _c6653
_d6653